000 01219nam a22002537a 4500
005 20110913152830.0
008 110913t xxu||||| |||| 00| 0 mar d
010 _aMAR-21312
020 _c200.00
035 _aMR-13970
037 _bDBAD/PUB
040 _aDPL
_bMR
082 _a891.463
100 _aबागुल,प्रभाकर
_934729
245 _aजीवनाचे रंग गहिरे /
_cप्रभाकर बागुल
246 _aJeevanachey Rang Gahire
_bby Prabhakar Bagul
260 _aसोलापूर
_bस्वरूपदीप प्रकाशन
_c2011
270 _bसोलापूर
_e413006
_aब्लॉक नं.१२ ब,अ-यशवंत हौसिंग सोसायटी मार्कंडेयनगरजवळ,
300 _a216पृ.
_c21सेमी(अजिल्द)
650 _aमराठी कादंबरी
_934746
_x
650 _aMarathi Fiction
_934747
942 _2ddc
_cMR
_mबागुल
_h891.463
999 _c56649
_d56649